[Event "DVM U14w 2003"]
[Site "Greifswald GER"]
[Date "2003.12.27"]
[Round "2"]
[White "Reh, Theresa"]
[Black "Ohme, Melanie"]
[Result "0-1"]
[Termination "normal"]
[Board "1.1"]
[WhiteElo "1567"]
[BlackElo "1948"]
[WhiteTeam "SK König Plauen"]
[BlackTeam "SC Leipzig-Gohlis"]
[PlyCount "74"]
[BlackFideId "4690745"]
[EventCountry "GER"]
[EventRounds "7"]
[EventType "team-swiss"]
[EventDate "2003.12.26"]

1. e4 c5 2. Nf3 e6 3. d4 cxd4 4. Nxd4 a6 5. Bd3 Bc5 6. Nb3 Ba7 7. O-O Nc6 8.
Kh1 Nf6 9. f4 h5 10. Qe1 Ng4 11. c3 Qb6 12. Na3 Nf2+ 13. Rxf2 Qxf2 14. Qxf2
Bxf2 15. Bd2 b5 16. Rf1 Ba7 17. Nc2 Bb7 18. Ne3 Rd8 19. h3 Ne7 20. Bc2 d5 21.
e5 Nc6 22. Re1 d4 23. cxd4 Nxd4 24. Bc3 Nxc2 25. Nxc2 Rd3 26. Kh2 O-O 27. Na5
Rd7 28. Nb4 Bc8 29. a3 Bd4 30. Rc1 Be3 31. Rf1 f6 32. exf6 gxf6 33. Rf3 Bd2 34.
Kg3 Kf7 35. Bxd2 Rg8+ 36. Kh4 Rxd2 37. g3 Rh2 0-1

[Event "DVM U14w 2003"]
[Site "Greifswald GER"]
[Date "2003.12.27"]
[Round "2"]
[White "Nguyen, Hoa My"]
[Black "Reh, Rebecca"]
[Result "1/2-1/2"]
[Termination "normal"]
[Board "1.2"]
[WhiteElo "1582"]
[BlackElo "1428"]
[WhiteTeam "SC Leipzig-Gohlis"]
[BlackTeam "SK König Plauen"]
[PlyCount "67"]
[EventCountry "GER"]
[EventRounds "7"]
[EventType "team-swiss"]
[EventDate "2003.12.26"]

1. e4 d6 2. d4 Nf6 3. Nc3 c6 4. f4 g6 5. h3 Bg7 6. Nf3 b5 7. a3 Qc7 8. d5 a6 9.
Bd3 c5 10. e5 Nfd7 11. exd6 Qxd6 12. Be2 Bb7 13. O-O Bxc3 14. bxc3 Qxd5 15. Bb2
c4 16. Qd4 O-O 17. Rad1 Qc6 18. Nh4 Nf6 19. Bf3 Qc7 20. f5 Nc6 21. Qe3 Qg3 22.
Qe1 Qxe1 23. Rfxe1 g5 24. Bxc6 Bxc6 25. Nf3 Bxf3 26. gxf3 Ra7 27. Bc1 h6 28. h4
Nh7 29. Be3 Rb7 30. Bc5 Re8 31. Rd6 f6 32. Rxa6 gxh4 33. Kh2 Kg7 34. Kh3
1/2-1/2

[Event "DVM U14w 2003"]
[Site "Greifswald GER"]
[Date "2003.12.27"]
[Round "2"]
[White "Walker, Maria"]
[Black "Riedel, Kristina"]
[Result "1/2-1/2"]
[Termination "normal"]
[Board "1.3"]
[WhiteElo "1104"]
[BlackElo "1467"]
[WhiteTeam "SK König Plauen"]
[BlackTeam "SC Leipzig-Gohlis"]
[PlyCount "68"]
[BlackFideId "24659282"]
[EventCountry "GER"]
[EventRounds "7"]
[EventType "team-swiss"]
[EventDate "2003.12.26"]

1. d4 Nf6 2. Nc3 d5 3. e4 dxe4 4. f3 exf3 5. Nxf3 Bg4 6. h3 Bh5 7. g4 Bg6 8.
Ne5 e6 9. Bg2 c6 10. Nxg6 hxg6 11. O-O Nbd7 12. Qf3 Qe7 13. Be3 Nb6 14. b3
O-O-O 15. g5 Nfd5 16. Nxd5 Nxd5 17. Bd2 f5 18. gxf6 Nxf6 19. c3 Qe8 20. Bg5 Be7
21. Rae1 Rh5 22. h4 Nh7 23. Bxe7 Qxe7 24. Qg3 Qxh4 25. Qxh4 Rxh4 26. Rxe6 Nf6
27. Rfe1 Rd7 28. Kf2 Rf4+ 29. Ke3 g5 30. Rg1 Nd5+ 31. Bxd5 Rxd5 32. Rg6 Rf7 33.
R1xg5 Rxg5 34. Rxg5 Kd7 1/2-1/2

[Event "DVM U14w 2003"]
[Site "Greifswald GER"]
[Date "2003.12.27"]
[Round "2"]
[White "Perlick, Maria"]
[Black "Schlegel, Jessica"]
[Result "1-0"]
[Termination "normal"]
[Board "1.4"]
[WhiteElo "1173"]
[BlackElo "1284"]
[WhiteTeam "SC Leipzig-Gohlis"]
[BlackTeam "SK König Plauen"]
[PlyCount "35"]
[EventCountry "GER"]
[EventRounds "7"]
[EventType "team-swiss"]
[EventDate "2003.12.26"]

1. d4 Nf6 2. c4 g6 3. Nc3 Bg7 4. e4 d6 5. f3 O-O 6. Be3 Nbd7 7. Bd3 c6 8. Nge2
Qc7 9. Qd2 b6 10. g4 Bb7 11. h4 e5 12. h5 Rad8 13. hxg6 fxg6 14. Bh6 a6 15.
Bxg7 Kxg7 16. Qh6+ Kf7 17. g5 Ng8 18. Qxh7+ 1-0

[Event "DVM U14w 2003"]
[Site "Greifswald GER"]
[Date "2003.12.27"]
[Round "2"]
[White "Zemella, Jennifer"]
[Black "Nuber, Helene"]
[Result "1-0"]
[Termination "normal"]
[Board "2.1"]
[WhiteElo "1600"]
[BlackElo "1686"]
[WhiteTeam "SG Porz"]
[BlackTeam "SC Schwabmünchen"]
[PlyCount "79"]
[WhiteFideId "24636096"]
[BlackFideId "24613045"]
[EventCountry "GER"]
[EventRounds "7"]
[EventType "team-swiss"]
[EventDate "2003.12.26"]

1. e4 e6 2. Qe2 c5 3. Nf3 Nc6 4. g3 g6 5. Bg2 Bg7 6. O-O Nge7 7. c3 O-O 8. d3
d5 9. Nbd2 b6 10. Nb3 Ba6 11. Rd1 Rc8 12. Bf4 e5 13. Be3 dxe4 14. Ne1 exd3 15.
Nxd3 Qc7 16. Nd2 Rcd8 17. c4 Nf5 18. Rac1 Bb7 19. Ne4 Ncd4 20. Bxd4 Nxd4 21.
Qe3 f5 22. Nc3 Bxg2 23. Kxg2 e4 24. Nf4 Bh6 25. Ncd5 Qe5 26. b4 Kg7 27. bxc5
bxc5 28. Qa3 e3 29. Qxe3 Qxe3 30. fxe3 Bxf4 31. Nxf4 g5 32. exd4 gxf4 33. dxc5
fxg3 34. hxg3 Rc8 35. Rd5 Kg6 36. Re1 h5 37. Re6+ Rf6 38. Rxf6+ Kxf6 39. Kf3
Re8 40. c6 1-0

[Event "DVM U14w 2003"]
[Site "Greifswald GER"]
[Date "2003.12.27"]
[Round "2"]
[White "Karmann, Anna"]
[Black "Nieberle, Julia"]
[Result "1/2-1/2"]
[Termination "normal"]
[Board "2.3"]
[WhiteElo "1458"]
[BlackElo "1275"]
[WhiteTeam "SG Porz"]
[BlackTeam "SC Schwabmünchen"]
[PlyCount "47"]
[WhiteFideId "24648000"]
[EventCountry "GER"]
[EventRounds "7"]
[EventType "team-swiss"]
[EventDate "2003.12.26"]

1. c4 e5 2. Nc3 Bc5 3. g3 Nc6 4. Bg2 Nf6 5. e3 Qe7 6. d3 d6 7. Nge2 O-O 8. O-O
Be6 9. h3 Rad8 10. f4 exf4 11. Nxf4 Rfe8 12. Re1 Rd7 13. d4 Bxc4 14. dxc5 dxc5
15. Qa4 Be6 16. Bxc6 bxc6 17. Qxa7 g5 18. Nxe6 Qxe6 19. Kh2 Ne4 20. Nxe4 Qxe4
21. Qxc5 Re5 22. Qa3 Qc2+ 23. Kg1 Rd1 24. Rxd1 1/2-1/2

[Event "DVM U14w 2003"]
[Site "Greifswald GER"]
[Date "2003.12.27"]
[Round "2"]
[White "Muschak, Theresia"]
[Black "Hiller, Eugenia"]
[Result "0-1"]
[Termination "normal"]
[Board "2.4"]
[WhiteElo "864"]
[BlackElo "1208"]
[WhiteTeam "SC Schwabmünchen"]
[BlackTeam "SG Porz"]
[PlyCount "86"]
[EventCountry "GER"]
[EventRounds "7"]
[EventType "team-swiss"]
[EventDate "2003.12.26"]

1. e4 e5 2. Nf3 Nc6 3. d4 exd4 4. Nxd4 d6 5. Bb5 Bd7 6. O-O Be7 7. Nc3 Bf6 8.
Nxc6 bxc6 9. Bc4 Bxc3 10. bxc3 Ne7 11. Ba3 c5 12. Qf3 Be6 13. Bb3 O-O 14. Bd5
Rb8 15. Rab1 Qd7 16. Bb2 a6 17. c4 c6 18. Qg3 f6 19. Bxe6+ Qxe6 20. Qd3 Ng6 21.
Bc3 Rfd8 22. Rb2 Ne5 23. Bxe5 Qxe5 24. Rb3 a5 25. Rfb1 Rxb3 26. Rxb3 Qa1+ 27.
Qf1 Qxa2 28. Rc3 Rb8 29. Re3 Rb1 30. Re1 Rxe1 31. Qxe1 Qxc2 32. h3 Qxc4 33.
Qxa5 Qxe4 34. Qd8+ Kf7 35. Qxd6 c4 36. Qc5 Qe1+ 37. Kh2 Qe5+ 38. Qxe5 fxe5 39.
Kg3 c3 40. Kf3 c2 41. Ke4 c1=Q 42. Kxe5 c5 43. Kd5 c4 0-1

[Event "DVM U14w 2003"]
[Site "Greifswald GER"]
[Date "2003.12.27"]
[Round "2"]
[White "Domaske, Susann"]
[Black "Zikeli, Saskia"]
[Result "0-1"]
[Termination "normal"]
[Board "3.1"]
[WhiteElo "1508"]
[BlackElo "1867"]
[WhiteTeam "Franckesche Stiftungen Halle"]
[BlackTeam "TSV Heumaden"]
[PlyCount "22"]
[BlackFideId "24601543"]
[EventCountry "GER"]
[EventRounds "7"]
[EventType "team-swiss"]
[EventDate "2003.12.26"]

1. d4 Nf6 2. c4 c5 3. dxc5 e6 4. Bg5 Bxc5 5. Nf3 Qa5+ 6. Nbd2 Ne4 7. Bh4 g5 8.
Bg3 g4 9. Ng1 Nxd2 10. Qc2 Nf3+ 11. Kd1 Qe1# 0-1

[Event "DVM U14w 2003"]
[Site "Greifswald GER"]
[Date "2003.12.27"]
[Round "2"]
[White "Sandrou, Tina"]
[Black "Feist, Andra"]
[Result "0-1"]
[Termination "normal"]
[Board "3.2"]
[WhiteElo "1266"]
[BlackElo "1392"]
[WhiteTeam "TSV Heumaden"]
[BlackTeam "Franckesche Stiftungen Halle"]
[PlyCount "136"]
[EventCountry "GER"]
[EventRounds "7"]
[EventType "team-swiss"]
[EventDate "2003.12.26"]

1. e4 e5 2. Nf3 Nc6 3. Bc4 Bc5 4. c3 Nf6 5. d4 exd4 6. cxd4 Bb4+ 7. Bd2 Bxd2+
8. Nbxd2 d5 9. exd5 Nxd5 10. O-O O-O 11. Re1 Nb6 12. d5 Nxd5 13. Qb3 Nb6 14.
Rad1 Nxc4 15. Nxc4 Qf6 16. Ne3 Qe6 17. Nd5 Qg6 18. Nxc7 Rb8 19. Nd5 Be6 20. Qc4
Bxd5 21. Rxd5 Rfe8 22. Rxe8+ Rxe8 23. Qb3 Qe6 24. Qd1 Qe2 25. Qxe2 Rxe2 26. Rd2
Rxd2 27. Nxd2 Kf8 28. Ne4 Ke7 29. Kf1 b6 30. Ke2 h6 31. a3 Ke6 32. Kd3 Kd5 33.
Nc3+ Kc5 34. Ne4+ Kd5 35. Nc3+ Ke5 36. g3 g5 37. h3 f5 38. f3 f4 39. g4 Nd4 40.
b4 Nxf3 41. Ke2 Ng1+ 42. Kf2 Nxh3+ 43. Kg2 f3+ 44. Kxh3 Kf4 45. Nd1 a6 46. a4
Ke4 47. Kg3 Kd4 48. a5 b5 49. Kxf3 Kc4 50. Ne3+ Kxb4 51. Ke4 Kxa5 52. Nd5 b4
53. Kd3 Ka4 54. Kc2 Ka3 55. Nc3 bxc3 56. Kxc3 a5 57. Kc2 Kb4 58. Kb2 a4 59. Ka2
a3 60. Ka1 Kc4 61. Ka2 Kd4 62. Kxa3 Ke4 63. Kb2 Kf4 64. Kc2 Kxg4 65. Kd2 Kf3
66. Ke1 g4 67. Kf1 g3 68. Kg1 g2 0-1

[Event "DVM U14w 2003"]
[Site "Greifswald GER"]
[Date "2003.12.27"]
[Round "2"]
[White "Gheng, Hannelore"]
[Black "Müller, Johanna"]
[Result "0-1"]
[Termination "normal"]
[Board "3.4"]
[WhiteElo "1168"]
[BlackElo "999"]
[WhiteTeam "TSV Heumaden"]
[BlackTeam "Franckesche Stiftungen Halle"]
[PlyCount "50"]
[WhiteFideId "4637887"]
[EventCountry "GER"]
[EventRounds "7"]
[EventType "team-swiss"]
[EventDate "2003.12.26"]

1. e4 e5 2. Nf3 Nc6 3. Bb5 Nf6 4. O-O Nxe4 5. Re1 Nf6 6. Nxe5 Nxe5 7. Rxe5+ Be7
8. Qe1 g6 9. Bc4 d6 10. Re3 d5 11. Bb3 b5 12. Nc3 d4 13. Nd5 dxe3 14. Nxf6+
Bxf6 15. Qxe3+ Be7 16. d4 h6 17. Bd2 O-O 18. Re1 Bd6 19. Qe4 Bd7 20. Bd5 Rb8
21. Re3 Re8 22. Qf3 Re7 23. Re4 Qe8 24. Bf4 Bxf4 25. Rxf4 Re1# 0-1

[Event "DVM U14w 2003"]
[Site "Greifswald GER"]
[Date "2003.12.27"]
[Round "2"]
[White "Mucha, Annegret"]
[Black "Gahn, Juliane"]
[Result "1/2-1/2"]
[Termination "normal"]
[Board "4.1"]
[WhiteElo "1554"]
[BlackElo "1342"]
[WhiteTeam "SV Empor Erfurt"]
[BlackTeam "ESV Delitzsch"]
[PlyCount "41"]
[WhiteFideId "24622788"]
[EventCountry "GER"]
[EventRounds "7"]
[EventType "team-swiss"]
[EventDate "2003.12.26"]

1. e4 c5 2. Nc3 e6 3. Bc4 g6 4. d3 Nc6 5. Be3 b6 6. f4 Nge7 7. Bd2 Bg7 8. Nf3
Bb7 9. O-O O-O 10. Qe1 Nd4 11. Bb3 d5 12. Rb1 a6 13. Qh4 Rc8 14. Ng5 h6 15. Nf3
c4 16. f5 Nexf5 17. exf5 Qxh4 18. Nxh4 cxb3 19. f6 Bh8 20. Bxh6 bxc2 21. Rbc1
1/2-1/2

[Event "DVM U14w 2003"]
[Site "Greifswald GER"]
[Date "2003.12.27"]
[Round "2"]
[White "Reinsdorf, Christin"]
[Black "Bethge, Johanna"]
[Result "1-0"]
[Termination "normal"]
[Board "4.2"]
[WhiteElo "1282"]
[BlackElo "1094"]
[WhiteTeam "ESV Delitzsch"]
[BlackTeam "SV Empor Erfurt"]
[PlyCount "21"]
[BlackFideId "24664898"]
[EventCountry "GER"]
[EventRounds "7"]
[EventType "team-swiss"]
[EventDate "2003.12.26"]

1. e4 e5 2. Nf3 Nc6 3. Nc3 Nf6 4. d4 exd4 5. Nd5 Be7 6. Nxf6+ Bxf6 7. Bd3 d5 8.
O-O O-O 9. Re1 Re8 10. exd5 Qxd5 11. Rxe8# 1-0

[Event "DVM U14w 2003"]
[Site "Greifswald GER"]
[Date "2003.12.27"]
[Round "2"]
[White "Friedrichs, Anne-Kathrin"]
[Black "Brjakow, Jennifer"]
[Result "1-0"]
[Termination "normal"]
[Board "4.3"]
[WhiteElo "1142"]
[BlackElo "1056"]
[WhiteTeam "SV Empor Erfurt"]
[BlackTeam "ESV Delitzsch"]
[PlyCount "65"]
[EventCountry "GER"]
[EventRounds "7"]
[EventType "team-swiss"]
[EventDate "2003.12.26"]

1. e4 e5 2. Nf3 Nc6 3. Bb5 d6 4. d4 Bd7 5. Nc3 a6 6. Ba4 Nf6 7. O-O g6 8. Re1
Bg7 9. Bxc6 Bxc6 10. dxe5 dxe5 11. Qxd8+ Rxd8 12. Nxe5 Nxe4 13. Nxe4 Bxe4 14.
Nd3 f5 15. f3 O-O 16. fxe4 fxe4 17. Rxe4 Bd4+ 18. Be3 Bf6 19. Bh6 Rfe8 20. Rae1
Rxe4 21. Rxe4 b6 22. Rf4 Rd6 23. g4 Be7 24. Ne5 b5 25. Rf7 Re6 26. Rg7+ Kf8 27.
Rxh7+ Ke8 28. Rh8+ Bf8 29. Rxf8+ Ke7 30. Rf7+ Kd6 31. Bf4 Kd5 32. Rg7 Ke4 33.
Rxg6 1-0

[Event "DVM U14w 2003"]
[Site "Greifswald GER"]
[Date "2003.12.27"]
[Round "2"]
[White "Fritsche, Miriam"]
[Black "Pantlowsky, Luisa"]
[Result "1/2-1/2"]
[Termination "normal"]
[Board "4.4"]
[WhiteElo "502"]
[BlackElo "726"]
[WhiteTeam "ESV Delitzsch"]
[BlackTeam "SV Empor Erfurt"]
[PlyCount "33"]
[EventCountry "GER"]
[EventRounds "7"]
[EventType "team-swiss"]
[EventDate "2003.12.26"]

1. e4 e5 2. Nf3 Nc6 3. Nc3 Bc5 4. Bc4 Nf6 5. d3 O-O 6. Bg5 d6 7. O-O h6 8. Be3
Bxe3 9. fxe3 Bg4 10. Nd5 a6 11. h3 Bh5 12. a3 Nxd5 13. exd5 Ne7 14. e4 Qd7 15.
Qd2 Bxf3 16. Rxf3 Ng6 17. Raf1 1/2-1/2

[Event "DVM U14w 2003"]
[Site "Greifswald GER"]
[Date "2003.12.27"]
[Round "2"]
[White "Bothe, Lea"]
[Black "Vales, Laura"]
[Result "0-1"]
[Termination "normal"]
[Board "5.2"]
[WhiteElo "1259"]
[BlackElo "1194"]
[WhiteTeam "SK Gräfelfing"]
[BlackTeam "SV Motor Eberswalde"]
[PlyCount "102"]
[EventCountry "GER"]
[EventRounds "7"]
[EventType "team-swiss"]
[EventDate "2003.12.26"]

1. e4 e6 2. d4 d5 3. e5 c5 4. Nf3 Nc6 5. Bb5 Bd7 6. c3 Qb6 7. Bxc6 Bxc6 8. O-O
Ne7 9. Qc2 Nf5 10. Be3 Be7 11. Nbd2 O-O 12. Rab1 Nxe3 13. fxe3 f6 14. Kh1 Rf7
15. Nb3 Bb5 16. Rfe1 Raf8 17. Nbd2 Qa6 18. Ra1 Bd3 19. Qd1 f5 20. b3 Be4 21.
Rf1 Qd3 22. Rc1 Qxe3 23. Qe1 Qxe1 24. Rfxe1 b6 25. a4 a6 26. Ra1 g5 27. Ng1 h5
28. Nxe4 fxe4 29. a5 b5 30. Re2 Rf2 31. Rae1 Rxe2 32. Nxe2 c4 33. b4 Kg7 34.
Kg1 Kg6 35. h3 h4 36. Kh2 Kh5 37. Kg1 g4 38. Rf1 Rxf1+ 39. Kxf1 Kg5 40. Kf2 Kf5
41. Kf1 g3 42. Ke1 e3 43. Kd1 Ke4 44. Kc2 Bf8 45. Ng1 Bg7 46. Nf3 Bh6 47. Nxh4
e2 48. Nf3 Ke3 49. h4 Kf2 50. Ng5 e1=Q 51. Nxe6 Qc1# 0-1

[Event "DVM U14w 2003"]
[Site "Greifswald GER"]
[Date "2003.12.27"]
[Round "2"]
[White "Briak, Nicole"]
[Black "Bothe, Ann-Marie"]
[Result "0-1"]
[Termination "normal"]
[Board "5.3"]
[WhiteElo "1264"]
[BlackElo "814"]
[WhiteTeam "SV Motor Eberswalde"]
[BlackTeam "SK Gräfelfing"]
[PlyCount "112"]
[EventCountry "GER"]
[EventRounds "7"]
[EventType "team-swiss"]
[EventDate "2003.12.26"]

1. d4 d5 2. Nf3 Nc6 3. e3 Nf6 4. a3 Bf5 5. b3 e6 6. Bb2 Be7 7. Be2 h6 8. Nbd2
Ne4 9. O-O Nxd2 10. Qxd2 Bd6 11. Rac1 Qf6 12. Bd3 Bg4 13. Be2 Qg6 14. Nh4 Qh5
15. Bxg4 Qxh4 16. h3 h5 17. Bf3 Rh6 18. Bd1 Ne7 19. f4 Nf5 20. Qf2 Qxf2+ 21.
Kxf2 h4 22. Bf3 c6 23. c4 dxc4 24. Rxc4 a5 25. Rfc1 Ne7 26. a4 f6 27. Rd1 Ra6
28. e4 Bxf4 29. d5 cxd5 30. exd5 Bg3+ 31. Kf1 exd5 32. Bxd5 Rd6 33. Rcd4 Rh5
34. Bxb7 Rf5+ 35. Bf3 Rxd4 36. Bxd4 Nc6 37. Bf2 Ne5 38. Re1 Kf7 39. Bxg3 hxg3
40. Re3 Nxf3 41. Rxf3 Rxf3+ 42. gxf3 Ke6 43. Kg2 Kd5 44. Kxg3 Kc5 45. Kg4 Kb4
46. Kf5 Kxb3 47. Kg6 Kxa4 48. Kxg7 Kb4 49. h4 a4 50. h5 a3 51. h6 a2 52. h7
a1=Q 53. h8=Q f5+ 54. Kh7 Qh1+ 55. Kg8 Qxf3 56. Qb2+ Qb3+ 0-1

[Event "DVM U14w 2003"]
[Site "Greifswald GER"]
[Date "2003.12.27"]
[Round "2"]
[White "Dobrinevski, Anastassia"]
[Black "Kassemek, Judith"]
[Result "1-0"]
[Termination "normal"]
[Board "5.4"]
[WhiteElo "790"]
[BlackElo "1035"]
[WhiteTeam "SK Gräfelfing"]
[BlackTeam "SV Motor Eberswalde"]
[PlyCount "41"]
[EventCountry "GER"]
[EventRounds "7"]
[EventType "team-swiss"]
[EventDate "2003.12.26"]

1. e4 e5 2. Nf3 Nc6 3. Nc3 Bc5 4. Bc4 d6 5. d3 h6 6. O-O Bg4 7. h3 Bh5 8. a3
Nd4 9. Be3 Qf6 10. Bxd4 Bxd4 11. Nd5 Qg6 12. Nxc7+ Kd8 13. Nxa8 Bxb2 14. Ra2
Bd4 15. Bd5 Kc8 16. g4 Kb8 17. Qb1 Kc8 18. Qxb7+ Kd8 19. Qc7+ Ke8 20. Bc6+ Kf8
21. Qd8# 1-0

[Event "DVM U14w 2003"]
[Site "Greifswald GER"]
[Date "2003.12.27"]
[Round "2"]
[White "Adomeit, Lena"]
[Black "Bochis, Julia"]
[Result "1/2-1/2"]
[Termination "normal"]
[Board "6.2"]
[WhiteElo "817"]
[BlackElo "1172"]
[WhiteTeam "TTC GW Fritzdorf 58"]
[BlackTeam "SF Hörden"]
[PlyCount "78"]
[WhiteFideId "24659363"]
[BlackFideId "24647276"]
[EventCountry "GER"]
[EventRounds "7"]
[EventType "team-swiss"]
[EventDate "2003.12.26"]

1. d4 d5 2. c4 e6 3. e3 Nf6 4. Nf3 c5 5. Be2 Nc6 6. Nc3 Be7 7. O-O O-O 8. Bd3
cxd4 9. exd4 dxc4 10. Bxc4 h6 11. Bf4 Bd6 12. Bxd6 Qxd6 13. d5 exd5 14. Nxd5
Nxd5 15. Bxd5 Be6 16. Bxe6 Qxe6 17. Re1 Qf6 18. Qb3 Na5 19. Qb5 b6 20. b4 Qc6
21. Qxc6 Nxc6 22. b5 Na5 23. a4 Nb3 24. Ra3 Nc5 25. a5 bxa5 26. Rxa5 Rab8 27.
Rxa7 Rxb5 28. h3 Rb7 29. Rxb7 Nxb7 30. g4 f5 31. Rb1 Nd6 32. Nh4 fxg4 33. hxg4
Rf4 34. Rb8+ Kf7 35. f3 g5 36. Rb6 gxh4 37. Rxd6 Rxf3 38. Rxh6 Rg3+ 39. Kf2
Rxg4 1/2-1/2

[Event "DVM U14w 2003"]
[Site "Greifswald GER"]
[Date "2003.12.28"]
[Round "3"]
[White "Ohme, Melanie"]
[Black "Zemella, Jennifer"]
[Result "1-0"]
[Termination "normal"]
[Board "1.1"]
[WhiteElo "1948"]
[BlackElo "1600"]
[WhiteTeam "SC Leipzig-Gohlis"]
[BlackTeam "SG Porz"]
[PlyCount "57"]
[WhiteFideId "4690745"]
[BlackFideId "24636096"]
[EventCountry "GER"]
[EventRounds "7"]
[EventType "team-swiss"]
[EventDate "2003.12.26"]

1. e4 c5 2. Nc3 e6 3. g3 d5 4. d3 Nf6 5. e5 Nfd7 6. f4 Nc6 7. Bg2 Be7 8. Nf3 a6
9. O-O b5 10. Qe1 Bb7 11. Bh3 Qc7 12. f5 d4 13. fxe6 Ndxe5 14. Nd5 Nxf3+ 15.
Rxf3 Qd6 16. exf7+ Kf8 17. Rf5 Bc8 18. Bf4 Qg6 19. Nxe7 Nxe7 20. Bg5 Qd6 21.
Re5 Ra7 22. Bxc8 h6 23. Bxe7+ Rxe7 24. Rxe7 Qxe7 25. Qxe7+ Kxe7 26. Bxa6 b4 27.
Bc4 Rf8 28. a4 bxa3 29. bxa3 1-0

[Event "DVM U14w 2003"]
[Site "Greifswald GER"]
[Date "2003.12.28"]
[Round "3"]
[White "Gossmann, Anna Maria"]
[Black "Nguyen, Hoa My"]
[Result "0-1"]
[Termination "normal"]
[Board "1.2"]
[WhiteElo "1502"]
[BlackElo "1582"]
[WhiteTeam "SG Porz"]
[BlackTeam "SC Leipzig-Gohlis"]
[PlyCount "94"]
[EventCountry "GER"]
[EventRounds "7"]
[EventType "team-swiss"]
[EventDate "2003.12.26"]

1. e4 c5 2. Nf3 d6 3. d4 cxd4 4. Nxd4 Nf6 5. Nc3 a6 6. Bg5 e5 7. Nb3 Be6 8. Be2
Nbd7 9. Qd2 Be7 10. O-O h6 11. Be3 Rc8 12. Rad1 b5 13. f3 Nb6 14. Kh1 b4 15.
Nb1 Bc4 16. Na5 Bxe2 17. Qxe2 Nfd7 18. c3 bxc3 19. Nxc3 O-O 20. Rc1 Re8 21.
Rfd1 Nb8 22. Bxb6 Qxb6 23. Nd5 Qa7 24. Nc4 Kh8 25. h3 Bf8 26. Rc3 Red8 27. Nde3
Nc6 28. Nf5 Nd4 29. Nxd4 exd4 30. Rcc1 d5 31. exd5 Rxd5 32. Qe4 Rcd8 33. Ne5
Qb7 34. b3 Ba3 35. Rc4 Kg8 36. Rdxd4 f6 37. Ng6 Qf7 38. Rxd5 Qxd5 39. Qxd5+
Rxd5 40. Rc8+ Kf7 41. Nf4 Rd1+ 42. Kh2 Bd6 43. g3 Rd2+ 44. Kg1 Rxa2 45. Rc6 Be5
46. Rb6 Bd4+ 47. Kf1 Bxb6 0-1

[Event "DVM U14w 2003"]
[Site "Greifswald GER"]
[Date "2003.12.28"]
[Round "3"]
[White "Riedel, Kristina"]
[Black "Karmann, Anna"]
[Result "1-0"]
[Termination "normal"]
[Board "1.3"]
[WhiteElo "1467"]
[BlackElo "1458"]
[WhiteTeam "SC Leipzig-Gohlis"]
[BlackTeam "SG Porz"]
[PlyCount "93"]
[WhiteFideId "24659282"]
[BlackFideId "24648000"]
[EventCountry "GER"]
[EventRounds "7"]
[EventType "team-swiss"]
[EventDate "2003.12.26"]

1. e4 e5 2. Nf3 Nc6 3. d4 exd4 4. Nxd4 Bc5 5. Be3 Qf6 6. c3 Nge7 7. Bc4 O-O 8.
O-O Bb6 9. Na3 d6 10. Bb3 Qg6 11. Qf3 Kh8 12. Nab5 Ne5 13. Qf4 c6 14. Na3 Bc7
15. Kh1 Bd7 16. Nc4 f5 17. exf5 Nxf5 18. Nxf5 Bxf5 19. Nxe5 dxe5 20. Qb4 b6 21.
Rad1 c5 22. Qa4 Qf6 23. Bd5 Rad8 24. Qxa7 Qd6 25. Qa4 e4 26. g3 Qg6 27. Qc6 Bd6
28. Qxb6 Bg4 29. Rd2 Bf3+ 30. Kg1 Qg4 31. Bxe4 Bxg3 32. fxg3 Qxe4 33. Qxc5 Rc8
34. Qd4 Qe6 35. Bf4 Bb7 36. b3 Ba6 37. c4 Qc6 38. Qd6 Qa8 39. Rfd1 Qa7+ 40. Qd4
Qa8 41. Be5 Rg8 42. Qd7 Rce8 43. Bb2 Bc8 44. Bxg7+ Rxg7 45. Qxe8+ Rg8 46. Qe5+
Rg7 47. Rd8# 1-0

[Event "DVM U14w 2003"]
[Site "Greifswald GER"]
[Date "2003.12.28"]
[Round "3"]
[White "Hiller, Eugenia"]
[Black "Perlick, Maria"]
[Result "1-0"]
[Termination "normal"]
[Board "1.4"]
[WhiteElo "1208"]
[BlackElo "1173"]
[WhiteTeam "SG Porz"]
[BlackTeam "SC Leipzig-Gohlis"]
[PlyCount "77"]
[EventCountry "GER"]
[EventRounds "7"]
[EventType "team-swiss"]
[EventDate "2003.12.26"]

1. d4 e6 2. c4 d5 3. e3 Nf6 4. Nc3 c6 5. Nf3 Nbd7 6. a3 dxc4 7. Bxc4 Nb6 8. Ba2
Nbd5 9. O-O Be7 10. Re1 O-O 11. Qc2 Qc7 12. Bb1 g6 13. e4 Nxc3 14. bxc3 Kh8 15.
e5 Nd7 16. Bh6 Rg8 17. h4 Qd8 18. h5 Bf8 19. Bxf8 Qxf8 20. g3 b6 21. Re4 Qe7
22. hxg6 fxg6 23. Rf4 Bb7 24. Qe4 Raf8 25. Rxf8 Nxf8 26. Qg4 Ba8 27. Ng5 Bb7
28. a4 a5 29. Be4 Ba8 30. Kg2 Bb7 31. Rb1 c5 32. Rxb6 Bxe4+ 33. Nxe4 cxd4 34.
cxd4 Qc7 35. Rd6 Qe7 36. Ng5 Qe8 37. Nxe6 Nxe6 38. Qxe6 Qxa4 39. Qf6+ 1-0

[Event "DVM U14w 2003"]
[Site "Greifswald GER"]
[Date "2003.12.28"]
[Round "3"]
[White "Gahn, Juliane"]
[Black "Domaske, Susann"]
[Result "0-1"]
[Termination "normal"]
[Board "2.1"]
[WhiteElo "1342"]
[BlackElo "1508"]
[WhiteTeam "ESV Delitzsch"]
[BlackTeam "Franckesche Stiftungen Halle"]
[PlyCount "74"]
[EventCountry "GER"]
[EventRounds "7"]
[EventType "team-swiss"]
[EventDate "2003.12.26"]

1. e4 c5 2. Nf3 d6 3. d4 cxd4 4. Nxd4 Nc6 5. Be3 Nf6 6. Nc3 a6 7. Be2 Qc7 8.
O-O g6 9. Kh1 Bg7 10. f4 e6 11. Nxc6 Qxc6 12. Bf3 Qc7 13. Qd2 O-O 14. Rad1 Rd8
15. Qf2 Qe7 16. Bb6 Re8 17. e5 dxe5 18. Bc5 Qc7 19. Bd6 Qc4 20. Bxe5 Qb4 21.
Ne2 Qb5 22. Nd4 Qb6 23. Qe2 Re7 24. Nb3 Bd7 25. Rd6 Qa7 26. Qd2 Rd8 27. Rd1 b5
28. Qa5 Rc8 29. Rxa6 Qf2 30. Rad6 Nd5 31. Bxd5 exd5 32. R6xd5 Rxc2 33. R5d2
Rxd2 34. Nxd2 Bc6 35. Rg1 Bxe5 36. fxe5 Rxe5 37. Qc3 Bxg2+ 0-1

[Event "DVM U14w 2003"]
[Site "Greifswald GER"]
[Date "2003.12.28"]
[Round "3"]
[White "Feist, Andra"]
[Black "Gahn, Cornelia"]
[Result "1-0"]
[Termination "normal"]
[Board "2.2"]
[WhiteElo "1392"]
[BlackElo "1275"]
[WhiteTeam "Franckesche Stiftungen Halle"]
[BlackTeam "ESV Delitzsch"]
[PlyCount "59"]
[EventCountry "GER"]
[EventRounds "7"]
[EventType "team-swiss"]
[EventDate "2003.12.26"]

1. e4 e5 2. Nf3 Nc6 3. Bc4 Bc5 4. d3 Nf6 5. Bg5 d6 6. h3 Be6 7. Bb3 h6 8. Be3
Bb6 9. O-O O-O 10. Nc3 d5 11. exd5 Nxd5 12. Nxd5 Bxd5 13. Bxd5 Qxd5 14. c4 Qe6
15. c5 Ba5 16. a3 Qd5 17. b4 Bxb4 18. axb4 Nxb4 19. d4 e4 20. Ne5 f6 21. Ng6
Rfe8 22. Nf4 Qd7 23. Nh5 Qf5 24. Ng3 Qg6 25. Qb3+ Qf7 26. Qxb4 f5 27. Bf4 g5
28. Be5 Qg6 29. Qxb7 c6 30. Nxf5 1-0